| 000 | 01551nam a2200325 4500 | ||
|---|---|---|---|
| 003 | EC-UNACH | ||
| 005 | 20241015135739.0 | ||
| 006 | s||||gr|||| 00| 00 | ||
| 008 | 150116t9999 mx r gr 000 0 spa d | ||
| 020 | _a978-9942-34-096-2 | ||
| 040 |
_aEC-UNACH _cEC-UNACH |
||
| 041 | _aEspañol | ||
| 082 | 0 | 4 |
_223 _a520 _bL017681 |
| 100 | _aArguello, Javier | ||
| 245 |
_aEl cielo al alcance de todos _bGuía práctica para el astrónomo aficionado |
||
| 250 | _aPrimera Edición | ||
| 264 |
_aQuito - Ecuador _bEditorial Casa de la Cultura Ecuatoriana _c2022 |
||
| 300 |
_a149 páginas _bFotos, Tablas, _c28 x 20 centímetros |
||
| 501 | _aIncluye índice | ||
| 505 | _aBreve introducción a la ciencia de las estrellas -- Eclipses de sol y de luna: Breve descripción -- La astronomía popular mi experiencia de vida -- Cómo ser un buen astrónomo aficionado -- Los instrumentos de astrónomo aficionado: Anteojos, telescopios y algo mas -- El alfabeto griego -- El sistema solar en números -- Tiempo empleado por la luz del sol en llegar a los planetas -- Cómo y por qué se producen las fases de la luna -- Curiosidades astronómicas del sistema solar -- Curiosidades astronómicas del universo -- Algunos términos empleados en la obra. | ||
| 650 | _aUNIVERSO DE GALILEO | ||
| 650 | _aPLANETA ROJO | ||
| 650 | _aESTRELLAS FUGACES | ||
| 650 | _aAEROLITOS | ||
| 650 | _aECLIPSE DE LUNA | ||
| 942 |
_2ddc _c1 |
||
| 999 | _c13471 | ||